00898nam a2200241Ia 4500001001000000003000500010005001700015008004100032010001100073040000900084100002800093245016500121260003400286300001000320502010600330650002900436650002800465650003000493650002800523650003700551650002600588650004200614Para_9152CHAP20220812124952.0220125s2006 xx 000 0 und d a207885 cCHAP aEsparza Luna, Linda Luz aDetección de iris severe mosaic virus mediante la prueba inmunológica PTA-ELISA en bulbos de Iris spp., importados de Holanda /c por Linda Luz Esparza Luna aChapingo, Méx. :b el autor a48 h. aTesis (Ing. Agr. Esp. en Parasitología Agrícola) -- UACh. Departamento Parasitología Agrícola aIris fulva mosaic virus  aIris mild mosaic virus  aIris severe mosaic virus  aIris yellow spot virus  aLirio x enfermedades por virus  aPlantas x cuarentena aPlantas ornamentales x enfermedades